تحميل...

Ideas in modern biology

التفاصيل البيبلوغرافية
المؤلف الرئيسي: Moore, John A, Ed
التنسيق: Printed Book
منشور في: The national history press, New York 1965
الموضوعات:
LEADER 00490nam a2200193 4500
020
082 |a 570 MOO-I 
100 |a Moore, John A, Ed. 
245 |a Ideas in modern biology 
250
260 |a The national history press, New York  |c 1965 
300
490
500
590
650 |a Life sciences-- Biology 
942 |c BK 
999 |c 99830  |d 99830 
952 |0 0  |1 0  |4 0  |6 570_000000000000000_MOOI  |7 0  |9 113298  |a AQU  |b AQU  |l 0  |o 570 MOO-I  |p AQUBN0312  |r 2019-09-25  |w 2019-09-25  |y BK